Statistics for Guess English Anime Names from Romanised Japanese Names

Click here to take the quiz!

General Stats

  • This quiz has been taken 1,302 times
  • The average score is 11 of 25

Answer Stats

RōmajiEnglish% Correct
Shingeki no KyojinAttack on Titan
88%
Doragon Bōru ZettoDragon Ball Z
86%
Keion!K-On!
77%
Wan PīsuOne Piece
76%
Furumetaru Panikku!Full Metal Panic!
64%
Shin Seiki EvangerionNeon Genesis Evangelion
64%
Fearī TeiruFairy Tail
60%
Hantā HantāHunter x Hunter
56%
Inisharu DīInitial D
56%
Enjeru Bītsu!Angel Beats!
55%
Meitantei KonanCase Closed / Detective Conan
54%
Kyaputen TsubasaCaptain Tsubasa
52%
Kureyon Shin-chanCrayon Shin-chan
43%
Hagane no RenkinjutsushiFullmetal Alchemist
40%
NichijōMy Ordinary Life
38%
Suzumiya Haruhi no YūutsuThe Melancholy of Haruhi Suzumiya
38%
Bakuten Shūto BeiburēdoBeyblade
32%
KuranadoClannad
31%
Raki SutaLucky Star
26%
Tenisu no ŌjisamaThe Prince of Tennis
19%
Danshi Kōkōsei no NichijōDaily Lives of High School Boys
17%
Dokutā SuranpuDr. Slump
16%
Chūnibyō demo Koi ga Shitai!Love, Chunibyo & Other Delusions
11%
Kaze TachinuThe Wind Rises
10%
Keroro GunsōSgt. Frog
9%

Score Distribution

Percentile by Number Answered

Percent of People with Each Score

Your Score History

You have not taken this quiz